LIBRARY & INFORMATION CENTRE, KCAET, TAVANUR

ONLINE PUBLIC ACCESS CATALOGUE (OPAC)

Pre-degree sasyasastram Part-2 / (Record no. 6250)

MARC details
000 -LEADER
fixed length control field 01075cam a2200445ua 4500
041 ## - LANGUAGE CODE
Language code of text/sound track or separate title mal
082 ## - DEWEY DECIMAL CLASSIFICATION NUMBER
Classification number 581
Item number UNN/SA
100 ## - MAIN ENTRY--AUTHOR NAME
Personal name Unnikrishnan nair, .
245 ## - TITLE STATEMENT
Title Pre-degree sasyasastram Part-2 /
250 ## - EDITION STATEMENT
Edition statement 11 /
260 ## - PUBLICATION, DISTRIBUTION, ETC. (IMPRINT)
Place of publication Thiruvananthapuram :
Name of publisher State Instititute of Languages ,
Year of publication 1972.
300 ## - PHYSICAL DESCRIPTION
Number of Pages 516 ; .
942 ## - ADDED ENTRY ELEMENTS (KOHA)
Koha item type Books
Holdings
Withdrawn status Lost status Damaged status Home library Current library Date acquired Full call number Accession Number Koha item type
      KAUAET KAUAET 07/04/2012 581 13723 Books
Withdrawn     KAUAET KAUAET 07/04/2012 581 13868 Books
      KAUAET KAUAET 07/04/2012 581 13725 Books
      KAUAET KAUAET 07/04/2012 581 13865 Books
      KAUAET KAUAET 07/04/2012 581 13866 Books
      KAUAET KAUAET 07/04/2012 581 13724 Books
      KAUAET KAUAET 07/04/2012 581 13730 Books
      KAUAET KAUAET 07/04/2012 581 13864 Books
      KAUAET KAUAET 07/04/2012 581 13727 Books
      KAUAET KAUAET 07/04/2012 581 13729 Books
      KAUAET KAUAET 07/04/2012 581 13731 Books
Withdrawn     KAUAET KAUAET 07/04/2012 581 13728 Books
      KAUAET KAUAET 07/04/2012 581 13716 Books
      KAUAET KAUAET 07/04/2012 581 13722 Books
      KAUAET KAUAET 07/04/2012 581 13720 Books
Withdrawn   Damaged KAUAET KAUAET 07/04/2012 581 13555 Books
      KAUAET KAUAET 07/04/2012 581 13715 Books
      KAUAET KAUAET 07/04/2012 581 13719 Books
      KAUAET KAUAET 07/04/2012 581 13718 Books
      KAUAET KAUAET 07/04/2012 581 13717 Books
      KAUAET KAUAET 07/04/2012 581 13721 Books
      KAUAET KAUAET 07/04/2012 581 13713 Books
      KAUAET KAUAET 07/04/2012 581 13714 Books
      KAUAET KAUAET 07/04/2012 581 13726 Books
      KAUAET KAUAET 07/04/2012 581 13867 Books
free website counter